Dīmūqrāṭīyah jadīdah /

محفوظ في:

المؤلف الرئيسي: Jamāl al-Dīn, Aḥmad (مؤلف)

التنسيق: كتاب

اللغة: Arabic

الطبعة: al-Ṭabʻah 1.

الموضوعات:

الوسوم: إضافة وسم

لا توجد وسوم, كن أول من يضع وسما على هذه التسجيلة!

رقم الطلب: JC423 .J352 1946

LEADER 00752nam a22002297a 4500
003 OSt
005 20251221113450.0
008 251221t1946 ua 000 0 ara d
040 |c ARCE Library 
043 |a ma----- 
050 1 4 |a JC423  |b .J352 1946 
100 1 |6 880-01  |a Jamāl al-Dīn, Aḥmad,  |e author 
245 1 0 |6 880-02  |a Dīmūqrāṭīyah jadīdah /   |c Aḥmad Jamāl al-Dīn. 
250 |a al-Ṭabʻah 1. 
264 1 |a Cairo:   |b [publisher not identified],  |c 1946. 
300 |a 268 pages ;   |c 21 cm. 
650 0 |a Democracy  |z Arab countries. 
880 1 |6 100-01/(3/r  |a جمال الدين، أحمد 
880 1 0 |6 245-02/(3/r  |a ديموقراطية جديدة   |c أحمد جمال الدين 
901 |a reviewed 
942 |c BK  |2 lcc 
999 |c 26100  |d 26100